000 00600nam a22001937a 4500
005 20171103120922.0
010 _aENG-121194
020 _a9789385144561
_c550.00
035 _aEN-104726
037 _bDBAD/PUB
082 _a355.033054
100 _aMishra,Prabhkar Nath
245 _aThe nuclear dimension India's neighborhood policy /
_cby Nisha Shukla
260 _a Delhi
_bShivalik Prakashan
_c2015
270 _a27/16, Shakti Nagar
_bDelhi
_e110007
300 _a156p.
_c22cm(Hb)
500 _aIncludes bibliographical references
942 _2ddc
_cEN
_h355.033054
_mMIS
999 _c147138
_d147138